00602nam a2200205Ia 4500008004100000020001800041041000800059082002100067100001800088245004500106250000600151260002900157300000800186365001300194650002100207650002400228942001200252999001900264952011300283140306s9999 xx 000 0 und d a9788131500361 aeng a658.8342bASS/CO aAssael, Henry aConsumer Behavior : and marketing action a6 aNew DelhibThomsonc2006 a718 bRs.295/- aGroup Influences aIndividual Consumer 2ddccBK c186259d186259 00102ddc4070aKAUCBVbKAUCBVg295.00l6o658.8342 ASS/COr2018-07-07 00:00:00s2018-07-06w2014-03-22yBK